The STRAITS of Malacca : International co-operation intrade, funding & navigational safety

Bibliographic Details
Other Authors: Hamzah Ahmad
Format: Book
Published: Petaling Jaya, Selangor : Pelanduk Pub. , 1997
Subjects:

MARC

LEADER 00000cam a2200000 7i4500
001 0000000593
005 20020306.0
020 0 0 |a 9679785769 
090 0 0 |a 341.446   |b STR 1997 
245 0 4 |a The STRAITS of Malacca :   |b International co-operation intrade, funding & navigational safety   |c edited by Hamzah Ahmad 
260 0 0 |a Petaling Jaya, Selangor :   |b Pelanduk Pub. ,   |c 1997 
300 |a 359 p. :   |b maps ;   |c 23 cm. 
500 0 0 |a Includes bibliogrphical references and index 
650 0 0 |a International co-operation 
650 0 0 |a International economic relations 
650 0 0 |a International finance 
650 0 0 |a Marine pollution 
650 0 0 |a Maritime law 
651 0 0 |a Malacca, Straits of 
700 0 1 |a Hamzah Ahmad 
998 |a JPSM 
999 |a 0000001698   |b Monograph   |c Open Shelf   |e Default branch